| 000 | 00411nam a22001577a 4500 | ||
|---|---|---|---|
| 005 | 20250327102614.0 | ||
| 008 | 160523b xxu||||| |||| 00| 0 eng d | ||
| 020 | _a0333-93388-5 | ||
| 041 | _aeng | ||
| 100 |
_aGOYAL,D.P. _91054 |
||
| 245 | _aMANAGEMENT INFORMATION SYSTEMS: managerial perspectices | ||
| 260 |
_aNew Delhi _bAcademic Faundation _c2004 |
||
| 300 | _a426;p | ||
| 650 | _aManagement | ||
| 942 | _cBK | ||
| 999 |
_c1439 _d1439 |
||